000 00593nam a2200205 4500
003 OSt
005 20240705062025.0
006 a
008 240705b |||||||| |||| 00| 0 eng d
020 _a0071456872
040 _aDWCL-Main lib.
_cOC
082 _2Third edition
_aCirc. 515.35 B869s 2006
100 _aBronson, Richard
245 _aSchaum’s outline of differential equations /
250 _aThird edition
260 _aN.Y.:
_bMcGraw-Hill,
_cc2006.
300 _axiv,
_b385p.;
_c28 cm.
650 _a1. Differential Equations.
942 _2ddc
_n0
_cBK-CIRC
_eThird edition
_kCirc.
999 _c2026
_d2026